000 00739nam a22002537a 4500
003 0
005 20180716110922.0
008 0
010 _aB-229139
020 _c285.00
_a8173815046
035 _aB-229139, B-229140
037 _bCen Lib/Ret
040 _aDPL
_bEN
_c0
082 _a536.6
_bCHA
100 _aChakravarti, P.K.
_920857
245 _aTheory and experiment on thermal physics /
_cby P.K.Chakravarti
260 _aKalkata
_bNew Central Book Agency
_c2006
270 _a8/1,Chintamoni Das Lane
_bKalkata
_e700009
300 _a629p. :
_c22cm(Hb)
_bill.
500 _aIncludes index
650 _aThermodynamics
_914527
650 _aStatistical mechanics
_920858
942 _2ddc
_cEN
_h536.6
_mCHA
999 _c127565
_d127565